Choroby zakaźne/zakażenia obowiązek zgłaszania - Statystyki

Ogólne statystyki
  • Ten quiz został rozwiązany 75 razy
  • Średni wynik to 18 z 59
Statystyki odpowiedzi
Odpowiedź % Poprawnych
Nagminne zapalenie przyusznic (świnka)
79%
Grypa (w tym ptasia grypa u ludzi)
76%
Odra
74%
Tężęc
74%
Zakażenie ludzkim wirusem niedoboru odporności (HIV) i zespołu nabytego niedoboru odporności (AIDS)
69%
Zimnica (malaria)
64%
Krztusiec
60%
Gruźlica i inne mykobakteriozy
57%
Wścieklizna
55%
Błonica
52%
Kiła
52%
Cholera
50%
Dżuma
50%
Ospa wietrzna
48%
Borelioza z Lyme
45%
Wirusowe zapalenia wątroby (A, B, C i inne) oraz zakażenia wywołane przez wirusy zapalenia wątroby typu B i C
45%
Dur brzuszny i zakażenia pałeczkami durowymi
43%
Rzeżączka
43%
Ospa prawdziwa
38%
Bakteryjne zapalenie opon mózgowo-rdzeniowych
33%
Listerioza
33%
Tularemia
33%
Czerwonka bakteryjna
31%
Legionelloza
31%
Zakażenia szpitalne
31%
Bruceloza
29%
Dury rzekomy A, B, C i zakażenia pałeczkami rzekomodurowymi
29%
Inwazyjne zakażenia Streptococcus pneumoniae
29%
Inwazyjne zakażenia Streptococcus pyogenes
29%
Toksoplazmoza wrodzona
29%
Zespół ostrej niewydolności oddechowej (SARS)
29%
Biegunki o etiologii infekcyjnej lub nieokreślonej u dzieci do lat 2
26%
Choroba Creutzfelda-Jakoba i inne encefalopatie gąbczaste
26%
Ornitozy
26%
Płonica
24%
Gorączka Q
19%
Ostre zapalenie rogów przednich rdzenia kręgowego (choroba Heinego-Medina) oraz ostre porażenia wiotkie w tym zespół Guillaina-Barre
19%
Salmonellozy inne niż wywołane przez pałeczki Salmonella Typhi i Salmonella Paratyphi A, B, C oraz zakażenia pzez nie wywołane
19%
Wąglik
17%
Wirusowe gorączki krwotoczne, w tym żółta gorączka
17%
Zakażenia wirusem zachodniego Nilu
17%
Zatrucie jadem kiełbasianym
14%
Bąblowica i wągrzyca
12%
Giardioza
10%
Inwazyjne zakażenie Neisseria meningitidis
10%
Pryszczyca
10%
Zespół hemolityczno-mocznicowy i inne postaci zakażenia enterokrwotocznymi i werocytotoksycznymi pałeczkami Escherichia coli (EHEC)
10%
Chlamydiozy i inne zakażenia nierzeżączkowe ukł. moczowo-płciowego
7%
Dur wysypkowy (w tym choroba Brill-Zissera) i inne riketsjozy
7%
Inwazyjne zakażenia Haemophilus influenzae typ b
7%
Jersinioza
7%
Kampylobakterioza
7%
Kryptosporydioza
7%
Nosacizna
7%
Różyczka i zespół różyczki wrodzonej
7%
Wirusowe zapalenie opon mózgowo-rdzeniowych, mózgu i rdzenia (z wyłączeniem wścieklizny)
7%
Włośnica
7%
Zakażenia i zatrucia pokarmowe o etiologii infekcyjnej nieustalonej
7%
Leptospirozy
5%
Nie znaleziono quizów pasujących do podanych kryteriów
Rozkład punktacji
Procent ludzi z każdym wynikiem
Percentyl według liczby udzielonych odpowiedzi
Twoja historia wyników
Nie rozwiązałeś tego quizu